000
00316nam a2200133Ia 4500
005
20260328101521.0
008
260328s9999||||xx |||||||||||||| ||und||
100
_a
Klein, Caroline
245
0
_a
Ai Wei Wei Architecture /
_c
Caroline Klein
260
_b
Daab
300
_a
175 p.
650
_a
ARQUITECTOS
942
_c
BK
999
_c
9606
_d
9606